000 00778cab a2200241 4500
001 WB3215-112
008 090401t1996 xxu||||| |||| 00| 0 eng d
035 _a(Sirsi) u76432
041 _aeng
245 _aEnd of traffic jams
260 _c1996
350 _a0
490 _aIndependent
_v15 April 1996, 3(1)
520 _aA report "Travel and the Superhighway" forecasts that car use will drop by 43% over the next 15 years as the information superhighway supplies more of the nation`s needs.
650 _aCAR USE
650 _aINFORMATION SUPERHIGHWAY
650 _aINTERNET
650 _aTRAFFIC CONGESTION
690 _aMANAGEMENT-BUSINESS MANAGEMENT-INFORMATION MANAGEMENT
690 _aTRANSPORT AND COMMUNICATIONS
942 _n0
948 _c04/03/1997
999 _c48077
_d48077